<?xml version="1.0" encoding="UTF-8"?>
<record
    xmlns:xsi="http://www.w3.org/2001/XMLSchema-instance"
    xsi:schemaLocation="http://www.loc.gov/MARC21/slim http://www.loc.gov/standards/marcxml/schema/MARC21slim.xsd"
    xmlns="http://www.loc.gov/MARC21/slim">

  <leader>00918nam a2200253 a 4500</leader>
  <controlfield tag="001">sa 67006145 </controlfield>
  <controlfield tag="003">DLC</controlfield>
  <controlfield tag="005">20260227112404.0</controlfield>
  <controlfield tag="008">901221m19649999ii            00010 hino </controlfield>
  <datafield tag="010" ind1=" " ind2=" ">
    <subfield code="a">sa 67006145 </subfield>
  </datafield>
  <datafield tag="040" ind1=" " ind2=" ">
    <subfield code="a">DLC</subfield>
    <subfield code="c">DLC</subfield>
  </datafield>
  <datafield tag="050" ind1="0" ind2="0">
    <subfield code="a">PK2097</subfield>
    <subfield code="b">.B54 1964</subfield>
  </datafield>
  <datafield tag="100" ind1="1" ind2="0">
    <subfield code="a">Bha&#x1E6D;&#x1E6D;a, B&#x101;lakr&#x325;sh&#x1E47;a,</subfield>
    <subfield code="d">1844-1914.</subfield>
  </datafield>
  <datafield tag="240" ind1="1" ind2="0">
    <subfield code="a">Works.</subfield>
    <subfield code="f">1964</subfield>
  </datafield>
  <datafield tag="245" ind1="1" ind2="0">
    <subfield code="a">Bha&#x1E6D;&#x1E6D;a-nibandh&#x101;val&#x12B;; Svarg&#x12B;ya Pa&#x1E47;&#x1E0D;ita B&#x101;lakr&#x325;sh&#x1E47;aj&#x12B; Bha&#x1E6D;&#x1E6D;a ke &#x15B;resh&#x1E6D;ha aura sundara nibandho&#x1E43; k&#x101; sa&#x1E45;graha.</subfield>
    <subfield code="c">Samp&#x101;daka Dev&#x12B;datta &#x15A;ukla [tath&#x101;] Dhana&#xF1;jaya Bha&#x1E6D;&#x1E6D;a 'Sarala.'</subfield>
  </datafield>
  <datafield tag="250" ind1=" " ind2=" ">
    <subfield code="a">[7. sa&#x1E43;skara&#x1E47;a].</subfield>
  </datafield>
  <datafield tag="260" ind1="0" ind2=" ">
    <subfield code="a">Pray&#x101;ga,</subfield>
    <subfield code="b">Hind&#x12B; S&#x101;hitya Sammelana,</subfield>
    <subfield code="c">[1964/65]-&lt;1983   &gt;</subfield>
  </datafield>
  <datafield tag="300" ind1=" " ind2=" ">
    <subfield code="a">v. &lt;1, 3   &gt; ;</subfield>
    <subfield code="c">19 cm.</subfield>
  </datafield>
  <datafield tag="440" ind1=" " ind2="0">
    <subfield code="a">Sulabha-s&#x101;hitya-m&#x101;l&#x101;</subfield>
  </datafield>
  <datafield tag="500" ind1=" " ind2=" ">
    <subfield code="a">In Hindi.</subfield>
  </datafield>
  <datafield tag="500" ind1=" " ind2=" ">
    <subfield code="a">Vols. 3-   Lack series statement.</subfield>
  </datafield>
  <datafield tag="700" ind1="1" ind2="0">
    <subfield code="a">&#x15A;ukla, Devidatta.</subfield>
  </datafield>
  <datafield tag="700" ind1="1" ind2="0">
    <subfield code="a">Bha&#x1E6D;&#x1E6D;a, Dhana&#xF1;jaya.</subfield>
  </datafield>
  <datafield tag="999" ind1=" " ind2=" ">
    <subfield code="c">75721</subfield>
    <subfield code="d">75721</subfield>
  </datafield>
</record>
